Sisters or citizens? : women and socialism in France since 1876 /

Bibliographic Details
Main Author: Sowerwine, Charles, 1943-
Format: Book
Language:English
Published: Cambridge [Cambridgeshire] ; New York : Cambridge University Press, 1982.
Subjects:

MARC

Tag First Indicator Second Indicator Subfields
LEADER 00000pam a2200000 a 4500
001 in00000088581
005 20151008065135.0
008 810508s1982 enk b 00110 eng
010 |a  81007692  
020 |a 0521234840 :  |c $26.00 (est.) 
035 |a (OCoLC)07551904 
035 |9 AAK5421AM 
039 0 |a 2  |b 3  |c 3  |d 3  |e 3 
040 |a DLC  |c DLC  |d TXA  |d UtOrBLW 
041 1 |a eng  |a fra 
043 |a e-fr--- 
049 |a TXAM  |c [388124] 
050 0 0 |a HX546  |b .S6813 
082 0 |a 335/.0088/042  |2 19 
100 1 |a Sowerwine, Charles,  |d 1943- 
240 1 0 |a Femmes et le socialisme.  |l English 
245 1 0 |a Sisters or citizens? :  |b women and socialism in France since 1876 /  |c Charles Sowerwine. 
264 1 |a Cambridge [Cambridgeshire] ;  |a New York :  |b Cambridge University Press,  |c 1982. 
300 |a xx, 248 pages ;  |c 24 cm. 
336 |a text  |b txt  |2 rdacontent 
337 |a unmediated  |b n  |2 rdamedia 
338 |a volume  |b nc  |2 rdacarrier 
500 |a Revision and translation of: Les Femmes et le socialisme. 
500 |a Includes index. 
504 |a Bibliography: pages 235-241. 
650 0 |a Women and socialism  |z France  |x History. 
999 |a MARS 
999 f f |s 4cd40f7b-9ffe-3b70-b044-eaa28db28c89  |i 3ecce436-fe36-31e6-9704-de913d279bc7  |t 0 
952 f f |p ric  |a Texas A&M University  |b Rellis Campus  |c Joint Library Facility  |d Remote Storage  |t 0  |e HX546 .S6813  |h Library of Congress classification  |i unmediated -- volume  |m A14806148421 
998 f f |a HX546 .S6813  |t 0  |l Remote Storage